| 000 | 00440nam a2200157 i 4500 | ||
|---|---|---|---|
| 001 | bg | ||
| 100 | 1 | _aBOCHENEK, Jan | |
| 245 | 0 |
_aZbiór zadań do wykładów z matematyki dla studentów I roku / _cJan Bochenek, Teresa Winiarska. |
|
| 650 | 9 |
_aMatematyka _xćwiczenia i zadania |
|
| 700 | 1 | _aWINIARSKA, Teresa | |
| 040 | _cBPK | ||
| 041 | _apol | ||
| 080 | _a51(075.8)(076) | ||
| 942 | _cKS | ||
| 008 | s pl f |000 0 pol | ||
| 999 |
_c15778 _d15778 |
||
| 856 |
_uhttp://koha.tu.koszalin.pl/cgi-bin/koha/opac-detail.pl?biblionumber=15778 _yKatalog online BPK |
||